01816cam a22003977a 450000100040000000500170000402000180002104000350003905000130007408200100008710000220009724502500011926000340036930000510040350000500045450000980050450000300060250000200063250500100065252002230066252100240088552100230090965000250093265000270095765000540098465000550103865000120109365000140110570000450111970000200116470000220118490600450120694200150125199900130126695201390127974020230908135453.0 a9780439560603 aCHYcCHYdIHIdOCLCQdDLCbeng00aQL737.C4 a599.51 aDavidson, Susanna10aWhales and dolphins /cSusanna Davidson ; designed by Nelupa Hussain and Catherine-Anne MacKinnon ; illustrated by John Woodcock ; additional design work by Neil Francis ; consultant: Sónia Mendes ; edited by Rosie Dickins and Gillian Doherty. aNew York :bScholastic,c2003 a48 pages :bcolor illustrations, maps ;c24 cm aOriginally published: London : Usborne, 2002. a"This edition is only available for distribution through the school market"--P. [4] of cover. a"Internet-linked"--Cover. aIncludes index. aT  aProvides information about the physical characteristics, behavior and habitats of various kinds of whales and dolphins. Includes descriptions of recommended Web sites whose links are on the Usborne Quicklinks Web site. a810 bLexile  aT bRaz-Plus  0aWhalesvNon-fiction. 0aDolphinsvNon-fiction. 0aWhalesxComputer network resourcesvNon-fiction.  0aDolphinsxComputer network resourcesvNon-fiction. 1aWhales. 1aDolphins.1 aDavidson, Susannad1953-eillustrations.1 aDickins, Rosie.1 aDoherty, Gillian. a7bcbcccopycatd2encipf20gy-gencatlg 2ddccBKn0 c740d740 00102ddc40708NFICa002b002cSNSd2023-07-05l1oSUS 599.5 QL737.C4p2023-0119r2024-02-06 13:21:21s2023-12-05t1w2023-07-05yBK